=LDR 00000nam 2200000 4500 =001 INLIS000000000020261 =005 20130612115229 =008 ***********************************Ind** =035 ##$$0010-061300000020261 =041 ##$$a Ind =082 ##$$a 793.8 =090 ##$$a 793.8, Min d =100 ##$$a Mintareja, Harry =245 ##$$a 80 seni bermain sulap, Harry Mintareja =260 ##$$a 2004 $b Bandung =300 ##$$a viii, 98 hlm, ilus, 24 cm =650 ##$$a Sulap =850 ##$$a NBPNMAT =990 ##$$a 1297812978 =990 ##$$a 01201712978